Państwa skolonizowane w 1939 roku - Statystyki

Ogólne statystyki
  • Ten quiz został rozwiązany 207 razy
  • Średni wynik to 28 z 95
Statystyki odpowiedzi
Kolonizyjący Skolonizowany % Poprawnych
Wielka Brytania Egipt
74%
Państwo Włoskie Libia
71%
Sudan
70%
Belgia Demokratyczna Republika Konga
69%
Algieria
66%
Francja Maroko
66%
Hiszpania Maroko
66%
Somalia
65%
Somalia
65%
Kongo
57%
Angola
55%
Niger
53%
Erytrea
52%
Gwinea
50%
Holandia Indonezja
50%
Etiopia
48%
Kenia
47%
Mozambik
46%
Czad
45%
Mali
45%
Tunezja
45%
Gwinea Równikowa
40%
Senegal
40%
Tanzania
40%
Madagaskar
39%
Mauretania
38%
Zambia
38%
Dżibuti
37%
Ghana
37%
Botswana
35%
Portugalia Gwinea Bissau
35%
Togo
35%
Wybrzeże Kości Słoniowej
35%
Kamerun
34%
Lesotho
34%
Uganda
34%
Wietnam
33%
Zimbabwe
33%
Grenlandia
32%
Benin
31%
Eswatini
31%
Kambodża
29%
Surinam
29%
Burkina Faso
27%
Gujana
27%
Dania Islandia
27%
Izrael
27%
Laos
27%
Malezja
27%
Sierra Leone
27%
Syria
27%
Gabon
25%
Jemen
25%
Republika Środkowoafrykańska
23%
Jordania
22%
Seszele
22%
Singapur
22%
Liban
21%
Jamajka
20%
Zjednoczone Emiraty Arabskie
20%
Belize
19%
Kuwejt
19%
Malawi
19%
Nauru
19%
Palau
19%
Mauritius
18%
Brunei
17%
Katar
17%
Komory
17%
Cypr
16%
Fidżi
16%
Mikronezja
16%
Sri Lanka
16%
Timor Wschodni
15%
Malta
14%
Wyspy Marshalla
14%
Palestyna
13%
Bahrajn
12%
Malediwy
12%
Samoa
11%
USA Panama
10%
Tuvalu
10%
Vanuatu
10%
Trynidad i Tobago
9%
Chiny Makau
3%
Chiny Hong Kong
1%
Nowa Kaledonia
1%
Polinezja Francuska
1%
Polinezja Francuska
1%
Chiny Guangshouwan
0%
Japonia Chiny Tajwan
0%
Kanada Labrador i nowa Funlandia
0%
Kanada Saint Pierre i Miquelon
0%
ZSRR Kuryle
0%
ZSRR Sachalin
0%
Nie znaleziono quizów pasujących do podanych kryteriów
Rozkład punktacji
Procent ludzi z każdym wynikiem
Percentyl według liczby udzielonych odpowiedzi
Twoja historia wyników
Nie rozwiązałeś tego quizu